Morgan Freeman Movies - Sudden Death - Statistics

General Stats
  • This quiz has been taken 652 times
  • The average score is 10 of 35
Answers on the Grid
Answers color-coded by a green-red scale on the quiz's grid according to % correct below.
Driving Miss Daisy
The Shawshank Redemption
Batman Begins
Bruce Almighty
Going in Style
The Lego Movie
The Bucket List
The Magic of Belle Isle
Evan Almighty
The Dark Knight
The Dark Knight Rises
Se7en
Transcendence
Robin Hood: Prince of Thieves
Ben-Hur
Amistad
Kiss the Girls
Deep Impact
Million Dollar Baby
Wanted
Invictus
Olympus Has Fallen
Oblivion
Now You See Me
Last Vegas
Lucy
Unforgiven
Nurse Betty
Along Came a Spider
The Sum of All Fears
10 Items or Less
RED
Dolphin Tale
London Has Fallen
Angel Has Fallen
How Stella Got Her Groove Back
42
Unbreakable
Glass
Split
The Green Mile
The Island
Planet of the Apes
Field of Dreams
The Lion King
Gladiator II
The Equalizer
Malcolm X
Philadelphia
Remember the Titans
Independence Day
The Last Temptation of Christ
Goodfellas
Jurassic Park
Star Wars: Episode I: The Phantom Menace
Star Wars: Episode VI: Return of the Jedi
Back to the Future Part III
Die Hard with a Vengeance
 
Answer Stats
Answer % Correct
The Shawshank Redemption
64%
Se7en
60%
Bruce Almighty
50%
The Dark Knight
46%
Driving Miss Daisy
45%
Evan Almighty
41%
The Dark Knight Rises
41%
The Bucket List
39%
Million Dollar Baby
38%
Batman Begins
37%
Now You See Me
36%
Olympus Has Fallen
32%
Along Came a Spider
31%
RED
31%
Invictus
29%
Unforgiven
29%
Deep Impact
28%
Kiss the Girls
28%
Lucy
28%
Robin Hood: Prince of Thieves
28%
London Has Fallen
27%
The Sum of All Fears
25%
The Lego Movie
20%
Angel Has Fallen
19%
Last Vegas
16%
Wanted
16%
Amistad
15%
Oblivion
15%
Going in Style
13%
Dolphin Tale
10%
Nurse Betty
9%
10 Items or Less
7%
Transcendence
6%
The Magic of Belle Isle
5%
Ben-Hur
3%
No matching quizzes found
Score Distribution
Percent of People with Each Score
Percentile by Number Answered
Your Score History
You have not taken this quiz